Vereinigtes Königreich - Geschichte Quiz - Statistiken

Allgemein
  • Dieses Quiz wurde 48 mal gespielt
  • Das Durchschnittsergebnis liegt bei 10 aus 15
Antwortstatistiken
Hinweis Antwort % Korrekt
Obst, das Isaac Newton angeblich auf dem Kopf fiel und ihn so zur Entdeckung der Gravitation führte Apfel
97%
Bezeichnung für den Austritt des Vereinigten Königreichs aus der EU Brexit
95%
Premierminister, der Großbritannien durch den Zweiten Weltkrieg führte Winston Churchill
95%
Name zweier bedeutender britischer Königinnen Elisabeth
89%
Die "Eiserne Lady" Margaret Thatcher
89%
Jungsteinzeitliches Megalith-Bauwerk in Südwestengland Stonehenge
84%
Erfindung von James Watt, die die Industrielle Revolution auslöste Dampfmaschine
78%
Name mehrerer paramilitärischer Gruppen im Nordirlandkonflikt IRA
57%
Legendärer frühmittelalterlicher König Britanniens Artus
54%
Wald, in dem angeblich das Versteck Robin Hoods lag Sherwood Forest
54%
Hochmittelalterliche Burg, die im Laufe der Geschichte unterschiedlich genutzt wurde, unter anderem als Gefängnis und Museum Tower of London
54%
Aus dieser Region stammte Wilhelm der Eroberer Normandie
41%
Von Heinrich VIII. gegründete religiöse Organisation Anglikanische Kirche
38%
Schottischer Freiheitskämpfer, von Mel Gibson verkörpert im Film "Braveheart" William Wallace
35%
Römische Bezeichnung für Völker nördlich des Hadrianswalls, die immer wieder ins Römische Reich eindrangen Pikten
30%
Keine übereinstimmenden Quizze gefunden
Verteilung der Resultate
Anzahl Personen mit jedem Resultat
Perzentil nach korrekt beantworteten Fragen
Ihre Resultats-Entwicklung
Sie haben dieses Quiz noch nicht gespielt